00662 2200217 4500001002100000005001700021008004100038035002400079082001000103090001700113100004500130245007600175250001100251260008100262300002500343650002500368850001500393980001500408985000600423999001500429YOGYA-0209000004142520090227025753.0 ind  0010-020900000041425 a610.7 a610.7bWor H aWORKSHOP PENDIDIKAN KESEHATAN MASYARAKAT aHasil Workshop pendidikan kesehatan masyarakat. Jakarta 9 Februari 1970 aCet. 1 aJakartabBagian Penrbitan dan Perpustakaan Biro V Departemen Kesehatanc1972 a230 hlmbilusc21 cm aPendidikan kesehatan aYOPDYOG(B) a23-01-2008 a1 a07A0027532